Informačné systémy vo výrobe, službách verejnej správe
Vymedzenie fungovania informačného systému v národnom hospodárstve. Transformácia vstupov na výstupy (produkty) v podniku. Národné hospodárstvo ako podsystém systému spoločnosť. Informačná podpora hospodárskych procesov. Informačné systémy výrobných podnikov, podnikov služieb a verejnej správy. Syst...
Gespeichert in:
| 1. Verfasser: | |
|---|---|
| Format: | Buchkapitel |
| Sprache: | Slowakisch |
| Schlagworte: | |
| Tags: |
Keine Tags, Fügen Sie das erste Tag hinzu!
|
MARC
| LEADER | 00000naa$a2200000$$$4500 | ||
|---|---|---|---|
| 001 | 0019257 | ||
| 005 | 20240502071407.9 | ||
| 041 | 0 | |a slo | |
| 044 | |a SK | ||
| 245 | 1 | 0 | |a Informačné systémy vo výrobe, službách verejnej správe |c Michal Grell |
| 520 | |a Vymedzenie fungovania informačného systému v národnom hospodárstve. Transformácia vstupov na výstupy (produkty) v podniku. Národné hospodárstvo ako podsystém systému spoločnosť. Informačná podpora hospodárskych procesov. Informačné systémy výrobných podnikov, podnikov služieb a verejnej správy. Systém riadenia výrobného systému. Podsystémy informačného systému na základe funkčného prístupu. Procesný prístup k vymedzeniu podsystémov IS výrobného podniku. Typy procesov v podnikoch. Informačné systémy v službách. Model zobrazenia národného hospodárstva. | ||
| 610 | 2 | 0 | |a systémy informačné |
| 610 | 2 | 0 | |a hospodárstvo národné |
| 610 | 2 | 0 | |a systémy informačné podnikové |
| 610 | 2 | 0 | |a systémy informačné odvetvové |
| 610 | 2 | 0 | |a systémy riadenia |
| 610 | 2 | 0 | |a podnik výrobný |
| 610 | 2 | 0 | |a služby |
| 610 | 2 | 0 | |a procesy podnikové |
| 100 | 1 | |a Grell, Michal | |